[Event "Orsha open A 2019"]
[Site "Orsha"]
[Date "2019.01.18"]
[Round "2.1"]
[White "Papunidi, Matvey"]
[Black "Fedorov, Alexei"]
[Result "0-1"]
[WhiteElo "2113"]
[BlackElo "2557"]
[PlyCount "112"]
[EventDate "2019.01.18"]
[EventType "swiss"]
[EventRounds "9"]
[EventCountry "BLR"]

1. e4 c5 2. Nf3 e6 3. d4 cxd4 4. Nxd4 a6 5. c4 Nf6 6. Nc3 d6 7. Be2 Be7 8. Be3
O-O 9. Qd2 b6 10. O-O Bb7 11. f3 Nbd7 12. Rfd1 Re8 13. Rac1 Rc8 14. Bf1 Bf8 15.
Kh1 h6 16. Qf2 Ne5 17. b3 Nfd7 18. Na4 Qf6 19. Nc2 d5 20. cxd5 exd5 21. exd5 b5
22. Nb6 Rcd8 23. Nxd7 Rxd7 24. Bd4 Rxd5 25. Ne3 Nd3 26. Rxd3 Rxd4 27. Rxd4 Qxd4
28. Ng4 Qf4 29. Re1 Rxe1 30. Qxe1 h5 31. Qe3 Qxe3 32. Nxe3 Bc5 33. Nc2 Bd5 34.
Ne1 g6 35. Nd3 Bb6 36. Ne5 Bd4 37. Nd3 Kf8 38. Nb4 Bb7 39. a4 bxa4 40. bxa4 a5
41. Nc2 Bc5 42. Bb5 Ke7 43. Ne1 Kd6 44. Nd3 Bd4 45. Be8 Ba6 46. Ne1 Bc4 47. f4
Be3 48. f5 g5 49. Nc2 Bc5 50. Ne1 g4 51. h3 Ke5 52. hxg4 hxg4 53. Bd7 Kf4 54.
Kh2 Ke3 55. g3 Kf2 56. Ng2 Bd6 0-1

[Event "Orsha open A 2019"]
[Site "Orsha"]
[Date "2019.01.18"]
[Round "2.2"]
[White "Moskalenko, Alexander"]
[Black "Strybuk, Artsiom I"]
[Result "1-0"]
[WhiteElo "2517"]
[BlackElo "2110"]
[PlyCount "79"]
[EventDate "2019.01.18"]
[EventType "swiss"]
[EventRounds "9"]
[EventCountry "BLR"]

1. Nf3 Nf6 2. g3 g6 3. b3 Bg7 4. Bb2 O-O 5. Bg2 c6 6. O-O d6 7. d4 Nbd7 8. Re1
Qc7 9. Nbd2 Re8 10. e4 e5 11. Nc4 b5 12. dxe5 dxe5 13. Qd6 Qxd6 14. Nxd6 Re6
15. Rad1 Ba6 16. Ba3 c5 17. Bf1 Rb8 18. c4 b4 19. Bb2 Bf8 20. Nb5 Bxb5 21. cxb5
Rbe8 22. Bc4 R6e7 23. Rd6 Kg7 24. Rc6 Rd8 25. Rc7 Nb6 26. Rxc5 Red7 27. Rc6 Be7
28. Bxe5 Rd1 29. Rc7 Rxe1+ 30. Nxe1 Nxc4 31. bxc4 Kf8 32. Rxa7 Nxe4 33. Nf3 Bc5
34. Ra6 Nxf2 35. Kg2 Ne4 36. b6 g5 37. b7 g4 38. Ra8 gxf3+ 39. Kxf3 Nd2+ 40.
Ke2 1-0

[Event "Orsha open A 2019"]
[Site "Orsha"]
[Date "2019.01.18"]
[Round "2.3"]
[White "Navumenka, Mikhei"]
[Black "Zabotin, Alexander"]
[Result "0-1"]
[WhiteElo "2104"]
[BlackElo "2484"]
[PlyCount "96"]
[EventDate "2019.01.18"]
[EventType "swiss"]
[EventRounds "9"]
[EventCountry "BLR"]

1. Nf3 Nf6 2. c4 c5 3. Nc3 Nc6 4. g3 g6 5. Bg2 Bg7 6. O-O O-O 7. d3 b6 8. Bd2
Bb7 9. Rb1 Nd4 10. e4 Nxf3+ 11. Bxf3 Ne8 12. Qc1 Nc7 13. Bh6 Ne6 14. Bxg7 Kxg7
15. Bg2 Nd4 16. Qe3 d6 17. Ne2 Nxe2+ 18. Qxe2 e6 19. f4 Qd7 20. Rbd1 Qe7 21.
Qd2 f6 22. d4 cxd4 23. Qxd4 Rfd8 24. f5 Rac8 25. g4 e5 26. Qd3 g5 27. b3 Qc7
28. Qe3 Bc6 29. a4 Be8 30. Rd3 a6 31. Qd2 b5 32. cxb5 axb5 33. a5 b4 34. Rd1
Qxa5 35. h4 h6 36. Rxd6 Qc5+ 37. Kh2 Rxd6 38. Qxd6 Qf2 39. Qe6 Qf4+ 40. Kh1 Rc1
41. Rxc1 Qxc1+ 42. Kh2 Bf7 43. Qe7 Qf4+ 44. Kg1 Qe3+ 45. Kh2 gxh4 46. Qxb4 Qg3+
47. Kh1 h3 48. Bf1 Qf3+ 0-1

[Event "Orsha open A 2019"]
[Site "Orsha"]
[Date "2019.01.18"]
[Round "2.4"]
[White "Krylov, Ivan"]
[Black "Vifleemskaia, Svetlana"]
[Result "1-0"]
[WhiteElo "2441"]
[BlackElo "2030"]
[PlyCount "63"]
[EventDate "2019.01.18"]
[EventType "swiss"]
[EventRounds "9"]
[EventCountry "BLR"]

1. d4 Nc6 2. Bf4 d5 3. e3 Bf5 4. Nf3 e6 5. Bb5 a6 6. Bxc6+ bxc6 7. Ne5 f6 8.
Nd3 Bd6 9. Bg3 Qe7 10. Nd2 h5 11. Qe2 h4 12. Bxd6 cxd6 13. e4 dxe4 14. Nxe4 Nh6
15. O-O-O Nf7 16. Rhe1 Rb8 17. g4 Bxe4 18. Qxe4 Kd7 19. Nf4 Ng5 20. Qd3 Qd8 21.
Qg6 Qf8 22. Re3 Rh6 23. Qd3 e5 24. Ng6 Rxg6 25. Qxg6 e4 26. f4 exf3 27. Rde1 f2
28. Qf5+ Kc7 29. Re7+ Kb6 30. R1e3 d5 31. Qxf2 Ne4 32. Rb3+ 1-0

[Event "Orsha open A 2019"]
[Site "Orsha"]
[Date "2019.01.18"]
[Round "2.5"]
[White "Kuleshov, Konstantin"]
[Black "Zarubitski, Viachaslau"]
[Result "0-1"]
[WhiteElo "2098"]
[BlackElo "2415"]
[PlyCount "62"]
[EventDate "2019.01.18"]
[EventType "swiss"]
[EventRounds "9"]
[EventCountry "BLR"]

1. d4 Nf6 2. c4 Nc6 3. Nf3 e6 4. Nc3 Bb4 5. Qc2 O-O 6. Bg5 h6 7. Bd2 d6 8. a3
Bxc3 9. Bxc3 Qe7 10. e3 e5 11. Be2 Bg4 12. dxe5 dxe5 13. b4 Rfe8 14. b5 Bxf3
15. gxf3 Nb8 16. Bb4 Qe6 17. O-O a5 18. Bd2 Nbd7 19. c5 e4 20. f4 Qh3 21. Kh1
Ng4 22. Bxg4 Qxg4 23. Rg1 Qf3+ 24. Rg2 Re6 25. Kg1 Nf8 26. Bc3 Rg6 27. Rxg6
Nxg6 28. Qd1 Qh3 29. Qd4 f6 30. Qd5+ Kh8 31. Qxb7 Rg8 0-1

[Event "Orsha open A 2019"]
[Site "Orsha"]
[Date "2019.01.18"]
[Round "2.10"]
[White "Khobotova, Olesia"]
[Black "Aliakbarov, Anar"]
[Result "1/2-1/2"]
[WhiteElo "1978"]
[BlackElo "2282"]
[PlyCount "117"]
[EventDate "2019.01.18"]
[EventType "swiss"]
[EventRounds "9"]
[EventCountry "BLR"]

1. e4 e5 2. Nf3 Nc6 3. Bb5 a6 4. Bxc6 dxc6 5. O-O f6 6. d4 exd4 7. Qxd4 Qxd4 8.
Nxd4 Bd7 9. Nc3 O-O-O 10. Be3 g6 11. Rad1 Nh6 12. f3 Re8 13. a3 Nf7 14. Nb3 b6
15. Bd4 Bg7 16. Nc1 c5 17. Bf2 f5 18. exf5 Bxf5 19. Nd3 Rd8 20. Rfe1 Bxd3 21.
Rxd3 Rxd3 22. cxd3 Rd8 23. Re7 Bxc3 24. bxc3 Rxd3 25. Bxc5 Rxc3 26. Bb4 Rc1+
27. Kf2 Nd8 28. Rxh7 Rc2+ 29. Kg3 c5 30. Be1 Nc6 31. h4 b5 32. Rg7 Ne5 33. Kh3
Rc1 34. Bf2 a5 35. Be3 Rh1+ 36. Kg3 c4 37. Bd4 Nc6 38. Bb6 Kb8 39. Rc7 Nd4 40.
Bxa5 Ra1 41. Rd7 Nf5+ 42. Kg4 Rxa3 43. Bd2 c3 44. Bf4+ Kc8 45. Rc7+ Kd8 46. h5
Ne3+ 47. Kg3 g5 48. Be5 Nc4 49. Rc5 Nxe5 50. Rxe5 b4 51. Rc5 Ra6 52. Rc4 Rb6
53. h6 Rxh6 54. Rxb4 Rc6 55. Rb1 c2 56. Rc1 Ke7 57. f4 gxf4+ 58. Kxf4 Kf6 59.
Ke3 1/2-1/2

[Event "Orsha open A 2019"]
[Site "Orsha"]
[Date "2019.01.19"]
[Round "3.1"]
[White "Fedorov, Alexei"]
[Black "Vorobjov, Pavel"]
[Result "1/2-1/2"]
[WhiteElo "2557"]
[BlackElo "2296"]
[PlyCount "66"]
[EventDate "2019.01.18"]
[EventType "swiss"]
[EventRounds "9"]
[EventCountry "BLR"]

1. e4 c5 2. Nc3 Nc6 3. Nf3 Nf6 4. Bb5 Nd4 5. Bc4 d6 6. h3 e6 7. O-O Be7 8. d3
Nxf3+ 9. Qxf3 O-O 10. a3 Qc7 11. Bf4 a6 12. Ba2 Bd7 13. Ne2 Bc6 14. Ng3 Rfe8
15. Rad1 Rad8 16. c3 h6 17. d4 cxd4 18. cxd4 e5 19. Be3 d5 20. Nf5 Nxe4 21.
Bxh6 g6 22. Nxe7+ Qxe7 23. Be3 exd4 24. Bxd4 Bb5 25. Rfe1 Nd2 26. Qe3 Qxe3 27.
Bxe3 Bc4 28. Bxc4 Nxc4 29. Bd4 Re6 30. a4 Rde8 31. Rxe6 fxe6 32. b3 Na5 33. Rd3
Nc6 1/2-1/2

[Event "Orsha open A 2019"]
[Site "Orsha"]
[Date "2019.01.19"]
[Round "3.2"]
[White "Mihajlovskij, Sergei"]
[Black "Moskalenko, Alexander"]
[Result "0-1"]
[WhiteElo "2406"]
[BlackElo "2517"]
[PlyCount "48"]
[EventDate "2019.01.18"]
[EventType "swiss"]
[EventRounds "9"]
[EventCountry "BLR"]

1. Nf3 d5 2. c4 e6 3. e3 Nf6 4. Nc3 c6 5. Qc2 Nbd7 6. b3 Bd6 7. Bb2 O-O 8. Rg1
e5 9. cxd5 Nxd5 10. Ne4 Qe7 11. Nxd6 Qxd6 12. g4 Re8 13. d3 Nb4 14. Qb1 Qc5 15.
Kd2 Qd6 16. a3 Nd5 17. Qc2 a5 18. Rc1 c5 19. Ng5 N5f6 20. Qc4 Qe7 21. h4 b6 22.
Ke1 Ba6 23. Qc3 Rad8 24. h5 Nd5 0-1

[Event "Orsha open A 2019"]
[Site "Orsha"]
[Date "2019.01.19"]
[Round "3.3"]
[White "Zabotin, Alexander"]
[Black "Cherepov, Alexej"]
[Result "1-0"]
[WhiteElo "2484"]
[BlackElo "2226"]
[PlyCount "95"]
[EventDate "2019.01.18"]
[EventType "swiss"]
[EventRounds "9"]
[EventCountry "BLR"]

1. d4 d5 2. c4 c6 3. e3 Nf6 4. Nf3 e6 5. Nc3 Nbd7 6. Qc2 Bd6 7. Be2 O-O 8. b3
b6 9. O-O Bb7 10. e4 dxe4 11. Nxe4 Nxe4 12. Qxe4 Nf6 13. Qc2 c5 14. Bb2 Qe7 15.
Rfe1 h6 16. Rad1 Be4 17. Qc1 cxd4 18. Nxd4 Bb4 19. Bc3 Ba3 20. Qe3 e5 21. Nf3
Bc5 22. Qc1 Ng4 23. Rf1 Bb7 24. h3 e4 25. Nd4 Ne5 26. Nf5 Qe6 27. Qf4 Rfe8 28.
Bg4 Qf6 29. Rd7 Bc6 30. Rc7 Bd6 31. Rxc6 Nxc6 32. Qxd6 Qxc3 33. Qxc6 Rad8 34.
Ne3 Qe5 35. b4 g6 36. Bd7 Rf8 37. Rd1 Kg7 38. Rd6 Qa1+ 39. Kh2 Qxa2 40. Qxe4
Qb2 41. Nd5 Kh7 42. c5 bxc5 43. bxc5 Qxf2 44. Nf6+ Kh8 45. Qe5 Qh4 46. c6 Qg5
47. Qd4 h5 48. Ne4+ 1-0

[Event "Orsha open A 2019"]
[Site "Orsha"]
[Date "2019.01.19"]
[Round "3.4"]
[White "Lazavik, Denis"]
[Black "Krylov, Ivan"]
[Result "0-1"]
[WhiteElo "2296"]
[BlackElo "2441"]
[PlyCount "110"]
[EventDate "2019.01.18"]
[EventType "swiss"]
[EventRounds "9"]
[EventCountry "BLR"]

1. d4 Nf6 2. c4 g6 3. g3 Bg7 4. Bg2 O-O 5. Nc3 d6 6. Nf3 Nc6 7. O-O Rb8 8. h3
Bf5 9. g4 Bd7 10. e4 e5 11. Be3 exd4 12. Nxd4 Re8 13. Qd2 Nxd4 14. Bxd4 c5 15.
Be3 Bc6 16. f3 a6 17. Rad1 Qb6 18. Ne2 Rbd8 19. Ng3 Nd7 20. b3 Qc7 21. Bg5 Rc8
22. Ne2 b5 23. cxb5 axb5 24. Be3 Be5 25. Nf4 Nb6 26. Nd3 Bg7 27. e5 dxe5 28.
Bxc5 Nd5 29. Bf2 Red8 30. Qe1 Ba8 31. Rc1 Qb8 32. Rxc8 Qxc8 33. Bg3 Nc3 34. Nc1
b4 35. Kh2 Qc5 36. Bf2 Qc6 37. Bg3 f5 38. gxf5 gxf5 39. Rg1 Qc5 40. Bf2 Qd5 41.
Bh4 Rd7 42. Qe3 Qd2 43. Qc5 Bxf3 44. Qc8+ Kf7 45. Bg5 Qd6 46. Bxf3 e4+ 47. Rg3
exf3 48. Qc4+ Nd5 49. Nd3 Rc7 50. Qh4 Rc2+ 51. Kh1 f2 52. Nxf2 Rxf2 53. Qh5+
Kf8 54. Bh4 Nf6 55. Qg5 Qd1+ 0-1

[Event "Orsha open A 2019"]
[Site "Orsha"]
[Date "2019.01.19"]
[Round "3.5"]
[White "Zarubitski, Viachaslau"]
[Black "Siniauski, Artsiom"]
[Result "1-0"]
[WhiteElo "2415"]
[BlackElo "2182"]
[PlyCount "116"]
[EventDate "2019.01.18"]
[EventType "swiss"]
[EventRounds "9"]
[EventCountry "BLR"]

1. e4 e6 2. d4 d5 3. Nd2 Nf6 4. e5 Nfd7 5. c3 c5 6. Bd3 Nc6 7. Ne2 cxd4 8. cxd4
f6 9. exf6 Nxf6 10. O-O Bd6 11. Nf3 Qc7 12. h3 O-O 13. Be3 Bd7 14. Re1 a6 15.
Rc1 Qb6 16. Qd2 Nb4 17. Bb1 Ne4 18. Qd1 a5 19. Nc3 Nf6 20. a3 Nc6 21. Na4 Qc7
22. Nc5 Bxc5 23. Rxc5 Rac8 24. Qd2 Qb6 25. Ng5 Ne7 26. Rxa5 Nf5 27. Rc5 Nd6 28.
Qc2 Nde4 29. Nxe4 Nxe4 30. f3 Nf6 31. Bg5 Rxc5 32. dxc5 Qa5 33. Re5 Be8 34. Qf2
h6 35. Bd2 Qb5 36. Qd4 Nd7 37. Rxe6 Qxc5 38. Bc3 b5 39. Ba2 Bf7 40. Rd6 Qxd4+
41. Bxd4 Nf6 42. Bxf6 gxf6 43. Bxd5 b4 44. axb4 Rb8 45. Bxf7+ Kxf7 46. Rd4 Ke6
47. Kf2 Rc8 48. Re4+ Kf5 49. b5 Rc2+ 50. Re2 Rc5 51. b4 Rxb5 52. Rb2 Kf4 53.
Ke2 Rd5 54. b5 Kg3 55. b6 Rd8 56. b7 Rb8 57. Ke3 h5 58. Ke4 h4 1-0

[Event "Orsha open A 2019"]
[Site "Orsha"]
[Date "2019.01.19"]
[Round "3.6"]
[White "Galkin, Gleb"]
[Black "Grishchenko, Sergey"]
[Result "0-1"]
[WhiteElo "2156"]
[BlackElo "2409"]
[PlyCount "144"]
[EventDate "2019.01.18"]
[EventType "swiss"]
[EventRounds "9"]
[EventCountry "BLR"]

1. d4 d5 2. Nf3 Nc6 3. c4 Bg4 4. e3 e6 5. Nc3 Bb4 6. a3 Bxc3+ 7. bxc3 Nf6 8.
Be2 Bxf3 9. Bxf3 Na5 10. cxd5 exd5 11. Be2 O-O 12. a4 Ne4 13. Bd3 Re8 14. O-O
Qh4 15. Qe2 Re6 16. Bxe4 Qxe4 17. f3 Qf5 18. Qb5 b6 19. e4 Qh5 20. g4 Rg6 21.
Qxd5 Qxd5 22. exd5 h5 23. h3 Rd8 24. Bf4 Rxd5 25. Bxc7 Rc6 26. Bb8 a6 27. Rae1
Rxc3 28. Re8+ Kh7 29. Ba7 b5 30. Bc5 Nb3 31. axb5 axb5 32. Kg2 Nxc5 33. dxc5
Rdxc5 34. Rb1 h4 35. Rb8 Rc2+ 36. Kg1 Rc1+ 37. Rxc1 Rxc1+ 38. Kf2 Rb1 39. Ke3
Kg6 40. Kf4 f6 41. Rb6 Rb4+ 42. Ke3 Kg5 43. f4+ Kg6 44. Rb7 Rb3+ 45. Ke4 Rxh3
46. f5+ Kh6 47. Rxb5 Ra3 48. Rb8 Kg5 49. Rb7 Ra4+ 50. Kf3 Ra3+ 51. Ke4 Ra4+ 52.
Kf3 Rf4+ 53. Ke3 Rxg4 54. Rxg7+ Kxf5 55. Rh7 Ra4 56. Kf3 Ra3+ 57. Kg2 Kg4 58.
Rg7+ Kf4 59. Rh7 h3+ 60. Kh2 f5 61. Rh4+ Ke5 62. Rb4 f4 63. Rc4 Kf5 64. Rc8 Rg3
65. Rc4 Kg4 66. Rc8 Rg2+ 67. Kh1 Ra2 68. Rc3 f3 69. Rc8 f2 70. Rf8 Kg5 71. Rg8+
Kh6 72. Rf8 Ra1+ 0-1

[Event "Orsha open A 2019"]
[Site "Orsha"]
[Date "2019.01.19"]
[Round "3.7"]
[White "Vashchilov, Sergey"]
[Black "Aliakbarov, Anar"]
[Result "1/2-1/2"]
[WhiteElo "2134"]
[BlackElo "2282"]
[PlyCount "65"]
[EventDate "2019.01.18"]
[EventType "swiss"]
[EventRounds "9"]
[EventCountry "BLR"]

1. e4 e5 2. Nf3 Nc6 3. d4 exd4 4. Nxd4 Nf6 5. Nc3 Bb4 6. Nxc6 bxc6 7. Bd3 O-O
8. O-O d5 9. exd5 cxd5 10. h3 h6 11. Qf3 c6 12. Bf4 Bd6 13. Rad1 Rb8 14. b3 Rb4
15. Bg3 Be6 16. Na4 Bxg3 17. fxg3 Nd7 18. Qf2 Qc7 19. Nc5 Nxc5 20. Qxc5 Qb6 21.
Qxb6 Rxb6 22. Rf4 a5 23. Re1 c5 24. Re5 f6 25. Re1 Kf7 26. g4 Ra8 27. Bf5 Ra7
28. Rf2 a4 29. Rfe2 Bxf5 30. gxf5 axb3 31. axb3 c4 32. bxc4 dxc4 33. Re4
1/2-1/2

[Event "Orsha open A 2019"]
[Site "Orsha"]
[Date "2019.01.19"]
[Round "3.8"]
[White "Afonasieva, Anna"]
[Black "Parshin, Maxim"]
[Result "1-0"]
[WhiteElo "2265"]
[BlackElo "1956"]
[PlyCount "99"]
[EventDate "2019.01.18"]
[EventType "swiss"]
[EventRounds "9"]
[EventCountry "BLR"]

1. d4 d5 2. Nf3 Nf6 3. c4 c6 4. Nbd2 e6 5. g3 c5 6. cxd5 Qxd5 7. Qc2 Nc6 8.
dxc5 Qxc5 9. Qxc5 Bxc5 10. Bg2 Ke7 11. O-O e5 12. e3 Bf5 13. b3 h6 14. Bb2 Nd7
15. Rac1 f6 16. Rxc5 Nxc5 17. Ba3 Rhd8 18. Bxc5+ Kf7 19. Nc4 Bd3 20. Nd6+ Rxd6
21. Bxd6 Bxf1 22. Bxf1 Rd8 23. Bc4+ Kg6 24. Ba3 Rd1+ 25. Kg2 Kh7 26. e4 a5 27.
Bc5 a4 28. Bd5 Rc1 29. Be3 Ra1 30. bxa4 Nb4 31. Bc5 Nxa2 32. a5 Nc3 33. Bb6 Na4
34. Nd2 Rd1 35. Be3 Ra1 36. Bxb7 Nc5 37. Bxc5 Rxa5 38. Be3 Ra4 39. Bd5 Kg6 40.
Nc4 Ra1 41. Nd6 Kh7 42. Nf5 g6 43. Nxh6 Ra6 44. Ng8 g5 45. Ne7 Kg7 46. Nf5+ Kg6
47. h4 gxh4 48. gxh4 Ra1 49. Bg8 Rb1 50. h5+ 1-0

[Event "Orsha open A 2019"]
[Site "Orsha"]
[Date "2019.01.19"]
[Round "3.9"]
[White "Shkalov, Oleg"]
[Black "Spizharny, Mikhail"]
[Result "0-1"]
[WhiteElo "2225"]
[BlackElo "1923"]
[PlyCount "54"]
[EventDate "2019.01.18"]
[EventType "swiss"]
[EventRounds "9"]
[EventCountry "BLR"]

1. c4 Nf6 2. Nc3 c6 3. e4 d5 4. exd5 cxd5 5. d4 g6 6. Nf3 Bg7 7. Qa4+ Nbd7 8.
c5 O-O 9. Bf4 Nh5 10. Bg5 h6 11. Be3 e5 12. dxe5 Nxe5 13. Nxe5 Bxe5 14. Rd1 Be6
15. Be2 Ng7 16. Bxh6 Re8 17. Bb5 Nf5 18. Bf4 Qc7 19. g3 Bxf4 20. Bxe8 Be5 21.
Nxd5 Qxc5 22. Qb5 Qc8 23. Qe2 Bxd5 24. Qxe5 Bxh1 25. Bd7 Qc2 26. Bxf5 Qxf5 27.
Qe7 Qe4+ 0-1

[Event "Orsha open A 2019"]
[Site "Orsha"]
[Date "2019.01.19"]
[Round "3.10"]
[White "Bogacheva, Anna"]
[Black "Runets, Ivan"]
[Result "1-0"]
[WhiteElo "1955"]
[BlackElo "2118"]
[PlyCount "101"]
[EventDate "2019.01.18"]
[EventType "swiss"]
[EventRounds "9"]
[EventCountry "BLR"]

1. e4 c5 2. g3 Nc6 3. Bg2 g6 4. d3 Bg7 5. c3 d6 6. Be3 e6 7. Qd2 b6 8. h4 h5 9.
Ne2 Bb7 10. Na3 Nf6 11. Bg5 Qd7 12. Nc4 Ne5 13. Nxe5 dxe5 14. O-O O-O 15. Rfd1
Rac8 16. a4 Nh7 17. Be3 Rfd8 18. a5 Qc7 19. c4 Rd7 20. Nc3 Bc6 21. Ra3 Rb8 22.
axb6 axb6 23. Rda1 Bf8 24. f4 Rbd8 25. Ra7 Qxa7 26. Rxa7 Rxa7 27. f5 Ra1+ 28.
Kf2 Nf6 29. Bf3 Rd7 30. fxe6 fxe6 31. Bh6 Bxh6 32. Qxh6 Kf7 33. Ke2 Ra5 34. Qg5
b5 35. Qxe5 bxc4 36. dxc4 Rda7 37. Ke3 Bd7 38. Kf4 Ra8 39. Kg5 Nh7+ 40. Kh6 Nf6
41. Qf4 Ke7 42. e5 Rh8+ 43. Kg5 Nh7+ 44. Kxg6 Be8+ 45. Kg7 Rf8 46. Qe4 Rf7+ 47.
Kh6 Kf8 48. Bxh5 Re7 49. Bxe8 Kxe8 50. Qc6+ Rd7 51. Qxe6+ 1-0

[Event "Orsha open A 2019"]
[Site "Orsha"]
[Date "2019.01.20"]
[Round "4.1"]
[White "Moskalenko, Alexander"]
[Black "Zarubitski, Viachaslau"]
[Result "1/2-1/2"]
[WhiteElo "2517"]
[BlackElo "2415"]
[PlyCount "29"]
[EventDate "2019.01.18"]
[EventType "swiss"]
[EventRounds "9"]
[EventCountry "BLR"]

1. Nf3 Nf6 2. c4 b6 3. g3 Bb7 4. Bg2 e6 5. O-O d5 6. Ne5 Bd6 7. d4 O-O 8. Nc3
c6 9. Bf4 Nh5 10. Bd2 Nf6 11. cxd5 cxd5 12. Rc1 a6 13. a4 Nbd7 14. Nxd7 Qxd7
15. Bf4 $11 1/2-1/2

[Event "Orsha open A 2019"]
[Site "Orsha"]
[Date "2019.01.20"]
[Round "4.2"]
[White "Krylov, Ivan"]
[Black "Zabotin, Alexander"]
[Result "1/2-1/2"]
[WhiteElo "2441"]
[BlackElo "2484"]
[PlyCount "153"]
[EventDate "2019.01.18"]
[EventType "swiss"]
[EventRounds "9"]
[EventCountry "BLR"]

1. Nf3 Nf6 2. g3 b6 3. Bg2 Bb7 4. O-O c5 5. c4 e6 6. Nc3 Be7 7. Re1 d5 8. cxd5
Nxd5 9. Nxd5 Bxd5 10. d3 Bf6 11. e4 Bb7 12. e5 Be7 13. Qa4+ Nd7 14. Qg4 Kf8 15.
Bg5 Bxg5 16. Nxg5 Bxg2 17. Qf4 Qe7 18. Kxg2 h6 19. Ne4 g5 20. Qe3 Nxe5 21. Nxc5
Ng6 22. Qe4 Kg7 23. Nb3 Rad8 24. Rac1 Rd7 25. Rc3 Rhd8 26. Rec1 Qf6 27. d4 a5
28. Qc6 Rd6 29. Qb5 Ne7 30. Rf3 Nf5 31. Rc7 Rd5 32. Qxb6 a4 33. Nc5 R8d6 34.
Qb7 g4 35. Rf4 Rxd4 36. Ne4 Rxe4 37. Qxe4 h5 38. Qb4 Qe5 39. Qc3 Qxc3 40. Rxc3
Rd2 41. h3 gxh3+ 42. Kxh3 Rxb2 43. Ra3 Kg6 44. Kg2 e5 45. Rfxa4 Nh6 46. Rf3 Ng4
47. a3 f5 48. Ra6+ Kg5 49. Ra8 e4 50. Rf4 e3 51. Ra5 exf2 52. Raxf5+ Kg6 53.
Rxf2 Nxf2 54. Rxf2 Rb3 55. Rf3 Rb2+ 56. Kh3 Ra2 57. Rb3 Ra1 58. Kg2 Kf5 59.
Rb5+ Kg4 60. Rb4+ Kg5 61. Ra4 Kf5 62. Rf4+ Kg5 63. a4 Ra2+ 64. Kh3 Ra1 65. Rb4
Rh1+ 66. Kg2 Ra1 67. Kh2 Kf5 68. Rd4 Kg5 69. Rf4 Ra2+ 70. Kh3 Ra1 71. Rc4 Rh1+
72. Kg2 Ra1 73. Rf4 Ra2+ 74. Kh3 Ra1 75. Re4 Rh1+ 76. Kg2 Ra1 77. Rb4 1/2-1/2

[Event "Orsha open A 2019"]
[Site "Orsha"]
[Date "2019.01.20"]
[Round "4.3"]
[White "Grishchenko, Sergey"]
[Black "Fedorov, Alexei"]
[Result "0-1"]
[WhiteElo "2409"]
[BlackElo "2557"]
[PlyCount "56"]
[EventDate "2019.01.18"]
[EventType "swiss"]
[EventRounds "9"]
[EventCountry "BLR"]

1. d4 Nf6 2. c4 g6 3. Nc3 Bg7 4. e4 d6 5. Be2 O-O 6. Be3 c6 7. h4 e5 8. h5 Qa5
9. hxg6 fxg6 10. Rh4 g5 11. Rh1 Nxe4 12. Bd3 Bf5 13. Bxe4 Bxe4 14. Qg4 Bf5 15.
Qxg5 Na6 16. Nge2 Nb4 17. Ng3 exd4 18. Nh5 Nc2+ 19. Ke2 Rf7 20. Ne4 Qe5 21.
Nef6+ Kh8 22. g4 Bxf6 23. Nxf6 Qxf6 24. gxf5 Qxg5 25. Bxg5 Nxa1 26. f6 Nc2 27.
a3 Re8+ 28. Kd2 d3 0-1

[Event "Orsha open A 2019"]
[Site "Orsha"]
[Date "2019.01.20"]
[Round "4.4"]
[White "Vorobjov, Pavel"]
[Black "Silich, Yahor"]
[Result "1/2-1/2"]
[WhiteElo "2296"]
[BlackElo "2116"]
[PlyCount "92"]
[EventDate "2019.01.18"]
[EventType "swiss"]
[EventRounds "9"]
[EventCountry "BLR"]

1. d4 Nf6 2. c4 d6 3. Nc3 Nbd7 4. e4 e5 5. Nf3 g6 6. Be2 Bg7 7. O-O O-O 8. Be3
Ng4 9. Bg5 f6 10. Bh4 g5 11. Bg3 Nh6 12. dxe5 dxe5 13. b4 a5 14. a3 axb4 15.
axb4 Rxa1 16. Qd5+ Nf7 17. Rxa1 f5 18. h3 f4 19. Bh2 c6 20. Qa5 Qe7 21. Nd2 Nf6
22. f3 h5 23. Qc5 Qe6 24. Kf1 g4 25. h4 Rd8 26. Rd1 Kh8 27. Bg1 Rg8 28. Qb6 Bh6
29. b5 gxf3 30. Nxf3 Rxg2 31. bxc6 bxc6 32. Ke1 Bf8 33. Ra1 Rg8 34. Ra7 Bd7 35.
Kd1 Qd6+ 36. Kc2 Rg2 37. Ne1 Rg3 38. Bf2 Rxc3+ 39. Kxc3 Nxe4+ 40. Kb3 Nxf2 41.
Bxh5 Nd3 42. Nc2 Nc1+ 43. Kb2 Nd3+ 44. Kb3 Nc5+ 45. Kb2 e4 46. Bxf7 Bg7+
1/2-1/2

[Event "Orsha open A 2019"]
[Site "Orsha"]
[Date "2019.01.20"]
[Round "4.5"]
[White "Gabdrakipov, Ilshat"]
[Black "Afonasieva, Anna"]
[Result "0-1"]
[WhiteElo "2098"]
[BlackElo "2265"]
[PlyCount "72"]
[EventDate "2019.01.18"]
[EventType "swiss"]
[EventRounds "9"]
[EventCountry "BLR"]

1. e4 c6 2. d4 d5 3. Nd2 dxe4 4. Nxe4 Bf5 5. Ng3 Bg6 6. Nf3 Nd7 7. Bd3 e6 8.
O-O Ngf6 9. Re1 Be7 10. c4 O-O 11. Bxg6 hxg6 12. b3 a5 13. Qe2 a4 14. Be3 Qa5
15. h3 axb3 16. axb3 Qxa1 17. Rxa1 Rxa1+ 18. Kh2 Bd6 19. Ne5 Nxe5 20. dxe5 Bxe5
21. Bc5 Bxg3+ 22. Kxg3 Rd8 23. Be7 Rdd1 24. Qe5 Nh5+ 25. Kf3 Ra2 26. Qb8+ Kh7
27. Qxb7 Rd3+ 28. Ke4 Rad2 29. Bg5 f5+ 30. Ke5 Re2+ 31. Be3 f4 32. Ke4 fxe3 33.
Kxd3 Nf4+ 34. Kd4 exf2 35. Qxc6 f1=Q 36. b4 Qf2+ 0-1

[Event "Orsha open A 2019"]
[Site "Orsha"]
[Date "2019.01.20"]
[Round "4.6"]
[White "Spizharny, Mikhail"]
[Black "Vashchilov, Sergey"]
[Result "0-1"]
[WhiteElo "1923"]
[BlackElo "2134"]
[PlyCount "82"]
[EventDate "2019.01.18"]
[EventType "swiss"]
[EventRounds "9"]
[EventCountry "BLR"]

1. e4 e6 2. d4 d5 3. Nc3 Nf6 4. e5 Nfd7 5. f4 c5 6. Nf3 Nc6 7. Be3 a6 8. Qd2 b5
9. dxc5 Nxc5 10. a3 Bb7 11. Nd4 Qc7 12. Bd3 Be7 13. O-O g6 14. Qf2 Nxd4 15.
Bxd4 Rc8 16. Qe3 Na4 17. Nxa4 bxa4 18. Rae1 Bc5 19. Bxc5 Qxc5 20. Qxc5 Rxc5 21.
c3 Ke7 22. Kf2 Bc6 23. Bxa6 Bb5 24. Bxb5 Rxb5 25. Re2 Rhb8 26. Rb1 Rb3 27. Rc2
Rxa3 28. Ke3 Rab3 29. Kd2 a3 30. Kc1 h5 31. h4 Kd7 32. c4 dxc4 33. Rxc4 a2 34.
Ra1 Rxb2 35. Rd4+ Ke7 36. Rd1 Rb1+ 37. Kc2 Rc8+ 38. Kd2 Rd8+ 39. Ke3 Rbxd1 40.
Rxa2 R1d3+ 41. Ke4 R8d4# 0-1

[Event "Orsha open A 2019"]
[Site "Orsha"]
[Date "2019.01.20"]
[Round "4.7"]
[White "Mihajlovskij, Sergei"]
[Black "Bogacheva, Anna"]
[Result "1-0"]
[WhiteElo "2406"]
[BlackElo "1955"]
[PlyCount "99"]
[EventDate "2019.01.18"]
[EventType "swiss"]
[EventRounds "9"]
[EventCountry "BLR"]

1. d4 e6 2. e4 d5 3. Nc3 Bb4 4. Bd3 Bd7 5. exd5 exd5 6. Qf3 Qf6 7. a3 Bxc3+ 8.
bxc3 Qxf3 9. Nxf3 Ne7 10. Rb1 b6 11. Bf4 c6 12. Kd2 h6 13. Rhe1 Be6 14. Ne5 Nd7
15. h3 Nxe5 16. Bxe5 Kd7 17. g4 h5 18. Bxg7 Rhg8 19. Bf6 hxg4 20. h4 g3 21. f4
g2 22. Bxe7 Kxe7 23. f5 g1=Q 24. Rxg1 Rxg1 25. Rxg1 Bd7 26. h5 Rh8 27. Rh1 Rh6
28. Ke3 Kf6 29. Kf4 c5 30. dxc5 bxc5 31. c4 Bc6 32. cxd5 Bxd5 33. Be4 Bxe4 34.
Kxe4 c4 35. c3 Kg5 36. Ke5 Rxh5 37. Rg1+ Kh6 38. Kf6 Rh3 39. Rg4 Kh5 40. Rxc4
Rf3 41. a4 a6 42. a5 Rd3 43. Kxf7 Rd5 44. f6 Rxa5 45. Ke6 Ra1 46. Rf4 Re1+ 47.
Kd7 Rd1+ 48. Kc7 Rc1 49. f7 Rxc3+ 50. Kb6 1-0